|
|
|
|
| LEADER |
00000nas a2200000 i 4500 |
| 001 |
ssj0000779041 |
| 003 |
WaSeSS |
| 005 |
20200512172242.0 |
| 006 |
m d |
| 007 |
cr n |
| 008 |
150407c20129999gw bx pss | a0eng |
| 010 |
|
|
|a 2015204042
|
| 016 |
7 |
|
|a 2646548 6
|2 DE-600
|
| 022 |
|
|
|a 2191-9097
|l 2191-9089
|y 2191-9089
|
| 035 |
|
|
|a (WaSeSS)ssj0000779041
|
| 040 |
|
|
|a DLC
|b eng
|e pn
|c DLC
|d DLC
|d OCLCF
|d OCLCO
|d AU@
|d WaSeSS
|
| 042 |
|
|
|a pcc
|
| 050 |
0 |
0 |
|a T174.7
|
| 210 |
0 |
|
|a Nanotechnol. rev.
|b (Internet)
|
| 222 |
|
0 |
|a Nanotechnology reviews
|b (Internet)
|
| 245 |
0 |
0 |
|a Nanotechnology reviews
|h [electronic resource].
|
| 260 |
|
|
|a Berlin :
|b De Gruyter,
|c [2012]-
|
| 310 |
|
|
|a Six issues a year
|
| 362 |
1 |
|
|a Began with volume 1, number 1 (2012).
|
| 500 |
|
|
|a Editor-in-chief: Challa Kumar.
|
| 506 |
|
|
|a License restrictions may limit access.
|
| 588 |
|
|
|a Description based on: Volume 1, number 1 (2012); title from PDF title page (De Gruyter Online, viewed April 7, 2015).
|
| 588 |
|
|
|a Latest issue consulted: Volume 4, issue 2 (2015) (De Gruyter Online, viewed April 7, 2015).
|
| 650 |
|
0 |
|a Nanotechnology
|v Periodicals.
|
| 650 |
|
0 |
|a Nanoscience
|v Periodicals.
|
| 650 |
|
7 |
|a Nanoscience.
|2 fast
|0 (OCoLC)fst01032629
|
| 650 |
|
7 |
|a Nanotechnology.
|2 fast
|0 (OCoLC)fst01032639
|
| 655 |
|
0 |
|a Electronic journals.
|
| 700 |
1 |
|
|a Kumar, Challa V.
|q (Challa Vijaya)
|
| 776 |
0 |
8 |
|i Print version:
|t Nanotechnology reviews
|x 2191-9089
|w (DLC) 2012204313
|w (OCoLC)819342566
|
| 850 |
|
|
|a DLC
|
| 856 |
4 |
0 |
|z Full text available from Research Library: 07/01/2013 to 11/30/2017
|u https://search.proquest.com/publication/2031319
|